SONOGRAPHY IN OBSTETRICS & GYNAECOLOGY PRINCIPAL & PRACTICE / (Record no. 795545)

MARC details
000 -LEADER
fixed length control field 00542pam a2200193 a 4500
020 ## - INTERNATIONAL STANDARD BOOK NUMBER
Terms of availability 6025.00 (HB)
041 ## - LANGUAGE CODE
Language code of text/sound track or separate title eng
Language code of original NULL
082 ## - DEWEY DECIMAL CLASSIFICATION NUMBER
Classification number 618.047543
Item number FLE/MAN
100 ## - MAIN ENTRY--PERSONAL NAME
Personal name FLEISCHER, A .
245 ## - TITLE STATEMENT
Title SONOGRAPHY IN OBSTETRICS & GYNAECOLOGY PRINCIPAL & PRACTICE /
Statement of responsibility, etc. NULL.
Medium Textual Documents
250 ## - EDITION STATEMENT
Edition statement 6 /
Remainder of edition statement .
260 ## - PUBLICATION, DISTRIBUTION, ETC.
Place of publication, distribution, etc. NULL :
Name of publisher, distributor, etc. MCGRAW HILL ,
Date of publication, distribution, etc. 2001.
300 ## - PHYSICAL DESCRIPTION
Extent 1271 :
Other physical details xvi ;
Dimensions NULL .
365 ## - TRADE PRICE
Price type code 6025.00
650 ## - SUBJECT ADDED ENTRY--TOPICAL TERM
Topical term or geographic name entry element OBST.GYNE
700 ## - ADDED ENTRY--PERSONAL NAME
Personal name MANNING, F .
-- JEANTY, P .
930 ## - EQUIVALENCE OR CROSS-REFERENCE-UNIFORM TITLE HEADING [LOCAL, CANADA]
Uniform title 1009
Holdings
Withdrawn status Lost status Damaged status Not for loan Home library Current library Date acquired Source of acquisition Cost, normal purchase price Total Checkouts Full call number Barcode Date due Date last seen Date last checked out Copy number Price effective from Koha item type
        Medical College & Hospital, Sangli Medical College & Hospital, Sangli 28/11/2011 6025.00 1 618.047543 FLE/MAN MCS-3134 01/10/2043 06/10/2023 06/10/2023 1 26/07/2023 Book